Państwa najbliżej Hiszpanii A-Z - Statystyki

Ogólne statystyki
  • Ten quiz został rozwiązany 5 188 razy
    5 098 od ostatniego zresetowania
  • Średni wynik to 18 z 24
Statystyki odpowiedzi
Państwo % Poprawnych
A Andora
97%
F Francja
96%
B Belgia
94%
P Portugalia
93%
D Dania
89%
Ł Łotwa
87%
M Maroko
86%
H Holandia
83%
O Oman
83%
W Włochy
83%
I Irlandia
77%
G Grecja
72%
V Vanuatu
71%
N Niemcy
70%
S Szwajcaria
70%
L Liechtenstein
69%
T Tunezja
68%
C Chorwacja
61%
E Egipt
61%
J Jordania
60%
R Rumunia
59%
U Ukraina
57%
K Kosowo
51%
Z Zjednoczone Emiraty Arabskie
48%
Nie znaleziono quizów pasujących do podanych kryteriów
Rozkład punktacji
Procent ludzi z każdym wynikiem
Percentyl według liczby udzielonych odpowiedzi
Twoja historia wyników
Nie rozwiązałeś tego quizu od ostatniego zresetowania